[Event "Gaylord (NMO/4/12)"]
[Site "?"]
[Date "1995.??.??"]
[Round "?"]
[White "Johnston, R."]
[Black "Smeckert, Dennis"]
[Result "0-1"]
[WhiteElo "1725"]
[BlackElo "1605"]
[PlyCount "50"]
[EventDate "1995.??.??"]

{4/(12)} 1. Nf3 Nc6 2. g3 e5 3. d3 Bc5 4. Nbd2 d6 5. Bg2 Be6 6. O-O Qd7 7. c3
h5 8. b4 Bb6 9. Ng5 h4 10. Nxe6 Qxe6 11. Ne4 hxg3 12. hxg3 Qg6 13. Bg5 f5 14.
Qd2 fxe4 15. Bxe4 Qe6 16. Kg2 Qh3+ 17. Kf3 Nh6 18. Bg6+ Kd7 19. e4 Qg4+ 20. Kg2
Qe6 21. Bxh6 Qxg6 22. Bg5 Raf8 23. a4 Qh5 24. Bh4 Qf3+ 25. Kg1 Rxh4 0-1

[Event "East Lansing (Class B/1/11)"]
[Site "?"]
[Date "1995.??.??"]
[Round "?"]
[White "Johnston, R."]
[Black "Rostrom, Richard"]
[Result "1-0"]
[WhiteElo "1710"]
[BlackElo "1610"]
[PlyCount "120"]
[EventDate "1995.??.??"]

{1/(11)} 1. Nf3 Nf6 2. g3 g6 3. Bg2 Bg7 4. O-O O-O 5. d3 d6 6. e4 e5 7. Nbd2
Nc6 8. c3 Nh5 9. Qe2 f5 10. exf5 Bxf5 11. Nh4 Bd7 12. Nc4 Rb8 13. a4 Qc8 14. a5
a6 15. Be3 Bh3 16. Nf3 Bxg2 17. Kxg2 Nf6 18. h3 Qe8 19. g4 d5 20. Ncd2 d4 21.
Bg5 Nd5 22. Ne4 h6 23. Bd2 Nf4+ 24. Bxf4 exf4 25. Qc2 g5 26. Ra4 Rd8 27. Nc5
Rb8 28. Qb3+ Qf7 29. Qxf7+ Rxf7 30. cxd4 b5 31. axb6 Rxb6 32. b3 a5 33. d5 Nb4
34. Rxa5 Nxd5 35. Re1 c6 36. Ra8+ Kh7 37. h4 Nf6 38. Re6 gxh4 39. g5 hxg5 40.
Nxg5+ Kg6 41. Nxf7 Kxf7 42. Ra7+ Kg6 43. Rxg7+ Kxg7 44. Rxf6 Rb5 45. Rxc6 Kf7
46. Kh3 Ra5 47. Kxh4 Ra2 48. Ne4 Rb2 49. Rc3 Rb1 50. Kg4 Ke6 51. Kxf4 Kd5 52.
Ke3 Re1+ 53. Kd2 Rf1 54. b4 Kd4 55. Rc4+ Ke5 56. b5 Rb1 57. f4+ Ke6 58. Rc6+
Kd7 59. Nc3 Rb2+ 60. Ke3 Rb4 1-0

[Event "Gaylord (NMO/2/7)"]
[Site "?"]
[Date "1995.??.??"]
[Round "?"]
[White "Johnston, R."]
[Black "Revnell, Joseph"]
[Result "0-1"]
[WhiteElo "1725"]
[BlackElo "1605"]
[PlyCount "54"]
[EventDate "1995.??.??"]

{2/(7)} 1. Nf3 d5 2. d4 Nf6 3. c4 c5 4. e3 e6 5. Nc3 a6 6. a4 Nc6 7. Bd3 Qc7 8.
cxd5 exd5 9. O-O c4 10. Bc2 Bd6 11. Re1 O-O 12. e4 dxe4 13. Nxe4 Nxe4 14. Bxe4
Bg4 15. h3 Bxf3 16. Bxf3 Rad8 17. Bg5 Be7 18. Bxe7 Nxe7 19. Qe2 Nf5 20. Qe5 Nd6
21. Qg5 Qb6 22. Qd2 Nf5 23. d5 Nd4 24. Rad1 Nxf3+ 25. gxf3 Rd6 26. Re4 Qc5 27.
Re7 Rg6+ 0-1

[Event "East Lansing (Class B/4/6)"]
[Site "?"]
[Date "1995.??.??"]
[Round "?"]
[White "Johnston, R."]
[Black "Jointer, William"]
[Result "1-0"]
[WhiteElo "1710"]
[BlackElo "1720"]
[PlyCount "113"]
[EventDate "1995.??.??"]

{4/(6)} 1. Nf3 Nf6 2. g3 g6 3. Bg2 c5 4. O-O Bg7 5. d3 d5 6. Nbd2 O-O 7. e4 e6
8. Qe2 Nc6 9. c3 Bd7 10. Re1 Qb6 11. h3 Rfe8 12. e5 Nh5 13. Qe3 Bf8 14. g4 Ng7
15. h4 d4 16. Qe2 Qd8 17. Ne4 Be7 18. Bf4 f5 19. exf6 Bxf6 20. Nd6 Re7 21. c4
e5 22. Nxe5 Nxe5 23. g5 Ng4 24. Bd5+ Kf8 25. Qf3 Rxe1+ 26. Rxe1 Be7 27. Nxb7
Qc8 28. Rxe7 Nf5 29. Rf7+ Kg8 30. Rxd7+ Kh8 31. Qxg4 Qe8 32. Nxc5 Qe1+ 33. Kg2
Re8 34. Ne4 Qb4 35. Nf6 Re7 36. Rxe7 Qxe7 37. Nd7 h5 38. Be5+ Qxe5 39. Nxe5
hxg4 40. Nxg6+ Kg7 41. h5 Nd6 42. Kg3 a5 43. Kxg4 Nc8 44. f4 a4 45. f5 Nd6 46.
f6+ Kh7 47. Nf8+ Kh8 48. g6 Ne8 49. g7+ Nxg7 50. fxg7+ Kxg7 51. Ne6+ Kh6 52.
Nxd4 Kh7 53. c5 Kh6 54. c6 Kh7 55. c7 Kg7 56. c8=Q Kf6 57. Qe6+ 1-0

[Event "Troy (TCC Res/5/8)"]
[Site "?"]
[Date "1995.??.??"]
[Round "?"]
[White "Johnson, D."]
[Black "Wrobel, D."]
[Result "1-0"]
[WhiteElo "1780"]
[BlackElo "1605"]
[PlyCount "27"]
[EventDate "1995.??.??"]

{5/(8)} 1. e4 d6 2. d4 Nd7 3. Nf3 c6 4. Bd3 e6 5. O-O Ndf6 6. e5 dxe5 7. Nxe5
Bd6 8. Nc3 Qb6 9. h3 Qxd4 10. Nxf7 Bf4 11. Nxh8 g6 12. Bxg6+ hxg6 13. Qxd4 Bxc1
14. Raxc1 1-0

[Event "Troy (TCC Res/1/1)"]
[Site "?"]
[Date "1995.??.??"]
[Round "?"]
[White "Johnson, D."]
[Black "Keeley, G."]
[Result "1-0"]
[WhiteElo "1780"]
[BlackElo "1605"]
[PlyCount "49"]
[EventDate "1995.??.??"]

{1/(1)} 1. e4 e5 2. Nf3 Nc6 3. Bc4 Bc5 4. c3 Nf6 5. d4 exd4 6. cxd4 Bb4+ 7. Nc3
Bxc3+ 8. bxc3 Nxe4 9. O-O d5 10. Bb5 Bd7 11. Ba3 Ne7 12. Bxd7+ Qxd7 13. Ne5 Qf5
14. Qa4+ c6 15. Bxe7 Kxe7 16. Rab1 Qc8 17. Qb4+ Nd6 18. Rfe1 Qc7 19. Nc4+ Kd7
20. Nxd6 a5 21. Qa3 b5 22. Re7+ Kxe7 23. Nxb5+ Kd7 24. Nxc7 Kxc7 25. Qe7+ 1-0

[Event "Troy (TCC Res/3/7)"]
[Site "?"]
[Date "1995.??.??"]
[Round "?"]
[White "Johnson, D."]
[Black "Curtis, S."]
[Result "0-1"]
[WhiteElo "1780"]
[BlackElo "1605"]
[PlyCount "156"]
[EventDate "1995.??.??"]

{3/(7)} 1. e4 e5 2. Nf3 Nc6 3. Bc4 Be7 4. c3 Nf6 5. Qe2 d6 6. h3 O-O 7. O-O Kh8
8. d4 Ng8 9. d5 Nb8 10. g4 Nd7 11. Nbd2 Ndf6 12. Nh2 Bd7 13. Bd3 c6 14. c4 Ne8
15. Ndf3 g6 16. Kh1 Ng7 17. Rg1 a6 18. Bd2 Qc8 19. Rg2 Re8 20. Rag1 c5 21. Be3
b5 22. Nd2 Bf8 23. Nhf3 b4 24. Ng5 Re7 25. f4 f6 26. Ngf3 Ne8 27. fxe5 fxe5 28.
Ng5 Bg7 29. h4 Nef6 30. Qf3 Qc7 31. Nf1 Rf8 32. Qe2 Ree8 33. Nh2 Ne7 34. Rg3
Qd8 35. R3g2 Neg8 36. Rf2 Qc8 37. Rgf1 h6 38. Ne6 Bxe6 39. dxe6 Qxe6 40. Kg2
Nh7 41. Rxf8 Rxf8 42. Rxf8 Nxf8 43. Qc2 Nf6 44. Be2 Ng8 45. g5 h5 46. Qd1 Ne7
47. Qa4 Qc8 48. Kg3 Nc6 49. Bf1 Nd4 50. Qd1 Qb7 51. Bg2 Qc7 52. Nf1 Nfe6 53.
Bc1 Qa5 54. a4 bxa3 55. bxa3 Qc3+ 56. Kh2 Qxc4 57. Ne3 Qe2 58. Qxe2 Nxe2 59.
Bd2 N2d4 60. Ba5 Bf8 61. Kg3 Kg7 62. Bf1 Nb3 63. Bc3 Nc7 64. a4 Be7 65. Bc4 Nd4
66. Ba5 Bd8 67. Bxc7 Bxc7 68. Bxa6 Kf8 69. Nd5 Ba5 70. Ne3 Ke7 71. Bc4 Ne6 72.
Nd5+ Kd8 73. Bb5 Nc7 74. Nf6 Nxb5 75. axb5 c4 76. Nd5 c3 77. Ne3 Bb6 78. Nc2
Bc5 0-1

[Event "Ann Arbor (MLS Jul/2/8)"]
[Site "?"]
[Date "1995.??.??"]
[Round "?"]
[White "Johnson, C(MI)."]
[Black "Brotherton, D."]
[Result "0-1"]
[WhiteElo "1605"]
[BlackElo "1605"]
[PlyCount "54"]
[EventDate "1995.??.??"]

{2/(8)} 1. e4 c6 2. Nc3 d5 3. d4 dxe4 4. Nxe4 Nd7 5. Nf3 Ngf6 6. Qe2 Nxe4 7.
Qxe4 Nf6 8. Qe2 Bf5 9. Bf4 e6 10. Qc4 Qb6 11. Bd3 Bxd3 12. Qxd3 Qxb2 13. O-O
Qa3 14. Rfe1 Qxd3 15. cxd3 Bb4 16. Reb1 Bc3 17. Rxb7 Bxa1 18. Bd6 Nd5 19. Ne5
Bxd4 20. Nxc6 Rc8 21. g3 Rxc6 22. Ba3 Kd8 23. Kg2 Rc7 24. Rb5 Kd7 25. f4 Rhc8
26. Kf3 Rc2 27. Ke4 Nc3+ 0-1

[Event "East Lansing (MOR/6/34)"]
[Site "?"]
[Date "1995.??.??"]
[Round "?"]
[White "Jewett, Brandon"]
[Black "Vangilder, W."]
[Result "0-1"]
[WhiteElo "1605"]
[BlackElo "1605"]
[PlyCount "66"]
[EventDate "1995.??.??"]

{6/(34)} 1. e4 Nc6 2. Nf3 d6 3. Bb5 a6 4. Bxc6+ bxc6 5. d3 Bg4 6. Nbd2 e6 7. b3
Nf6 8. h3 Bh5 9. g4 Bg6 10. Nh4 Be7 11. Nxg6 fxg6 12. Bb2 O-O 13. Qe2 Nd7 14.
O-O-O a5 15. Nf3 Bf6 16. h4 Bxb2+ 17. Kb1 Ba3 18. Rh3 a4 19. h5 Qf6 20. e5 Nxe5
21. Nxe5 dxe5 22. hxg6 e4 23. gxh7+ Kh8 24. c4 Qxf2 25. Qxf2 Rxf2 26. dxe4 axb3
27. Rxb3 Kxh7 28. Rd7 Bd6 29. a3 Bxa3 30. Rxc7 Bd6 31. Rxc6 Be5 32. Kc1 Ra1+
33. Rb1 Bb2+ 0-1

[Event "Grand Rapids (MI Am/3/25)"]
[Site "?"]
[Date "1995.??.??"]
[Round "?"]
[White "Jewett, Brandon"]
[Black "Rodriguez, M."]
[Result "1-0"]
[WhiteElo "1605"]
[BlackElo "1605"]
[PlyCount "105"]
[EventDate "1995.??.??"]

{3/(25)} 1. e4 c5 2. Nc3 d6 3. Nf3 Nf6 4. d3 g6 5. Be2 Bg7 6. O-O O-O 7. Bf4
Nc6 8. e5 Nh5 9. Be3 Nxe5 10. Nxe5 Bxe5 11. Bxh5 gxh5 12. Qxh5 e6 13. Qg4+ Kh8
14. Qg5 Qxg5 15. Bxg5 Rg8 16. Bd2 b6 17. Rab1 Bb7 18. g3 h5 19. Ne2 Rg6 20. Bc3
Rag8 21. Bxe5+ dxe5 22. Rbe1 h4 23. Nc3 Rg5 24. Nb5 Kg7 25. Nd6 Bd5 26. c4 Bc6
27. Ne4 Bxe4 28. Rxe4 hxg3 29. fxg3 Rd8 30. Rf3 Rf5 31. Kg2 Rd4 32. Rxd4 exd4
33. a3 Kf6 34. Rf1 e5 35. Rxf5+ Kxf5 36. Kf3 f6 37. h4 Ke6 38. g4 Kf7 39. Ke4
Kg6 40. b4 a6 41. bxc5 bxc5 42. a4 a5 43. g5 fxg5 44. hxg5 Kxg5 45. Kxe5 Kg4
46. Kd5 Kf3 47. Kxc5 Ke3 48. Kb6 Kxd3 49. c5 Ke2 50. c6 d3 51. c7 d2 52. c8=Q
d1=Q 53. Qg4+ 1-0

[Event "East Lansing (MOR/3/48)"]
[Site "?"]
[Date "1995.??.??"]
[Round "?"]
[White "Jewett, Brandon"]
[Black "Nikitin, Matt"]
[Result "1-0"]
[WhiteElo "1605"]
[BlackElo "1605"]
[PlyCount "57"]
[EventDate "1995.??.??"]

{3/(48)} 1. e4 e5 2. Nf3 Nc6 3. Bb5 Nf6 4. Bxc6 dxc6 5. Nxe5 Bd6 6. Nf3 O-O 7.
d3 Bg4 8. O-O Bxf3 9. Qxf3 Qd7 10. h3 Bc5 11. Qg3 Bd6 12. Qf3 Be5 13. c3 Bd6
14. Re1 Bc5 15. d4 Bd6 16. e5 Be7 17. exf6 Bxf6 18. Qg3 Rfe8 19. Rxe8+ Qxe8 20.
Be3 Qe7 21. Nd2 Re8 22. Re1 b6 23. b4 Qe6 24. Nf3 Qxa2 25. Bg5 Rxe1+ 26. Nxe1
Qe6 27. Bxf6 Qxe1+ 28. Kh2 Qxc3 29. Qxg7# 1-0

[Event "Grand Rapids (MI Am/4/19)"]
[Site "?"]
[Date "1995.??.??"]
[Round "?"]
[White "Jewett, Brandon"]
[Black "Kreger, David"]
[Result "0-1"]
[WhiteElo "1605"]
[BlackElo "1605"]
[PlyCount "76"]
[EventDate "1995.??.??"]

{4/(19)} 1. e4 Nc6 2. Nf3 e6 3. d4 d5 4. exd5 exd5 5. Qe2+ Be7 6. Bg5 f6 7. Bd2
Bg4 8. h3 Nxd4 9. Qd3 Nxf3+ 10. gxf3 Bc8 11. Rg1 Kf7 12. Nc3 c6 13. O-O-O Qc7
14. Ne2 Bd6 15. Re1 Ne7 16. Ng3 Bxg3 17. fxg3 a5 18. a4 b6 19. Bf4 Qd7 20. h4
Ng6 21. Bd2 Ba6 22. Qb3 Bxf1 23. Rgxf1 Rhb8 24. h5 Ne5 25. Bf4 Qf5 26. Qe3 Re8
27. Bxe5 fxe5 28. Qxb6 Qf6 29. g4 Kg8 30. b3 Qd6 31. Kb2 d4 32. f4 e4 33. Rd1
d3 34. cxd3 exd3 35. Kc3 Rad8 36. Rf3 Qf6+ 37. Qd4 Qxd4+ 38. Kd2 Qb2# 0-1

[Event "East Lansing (MOR/7/35)"]
[Site "?"]
[Date "1995.??.??"]
[Round "?"]
[White "Jewett, Brandon"]
[Black "Helzer, J."]
[Result "1-0"]
[WhiteElo "1605"]
[BlackElo "1605"]
[PlyCount "113"]
[EventDate "1995.??.??"]

{7/(35)} 1. e4 c5 2. Nf3 Nc6 3. Nc3 d6 4. d4 cxd4 5. Nxd4 Nf6 6. Bg5 g6 7. Bxf6
exf6 8. Bb5 Bd7 9. Nxc6 bxc6 10. Be2 Bg7 11. Qxd6 Qb6 12. O-O-O Qb7 13. Ba6
Qxa6 14. Qxd7+ Kf8 15. Rd6 Bh6+ 16. Kb1 Kg7 17. Qxc6 Qa5 18. Rd7 Rhf8 19. Rhd1
Rab8 20. Rb7 Rxb7 21. Qxb7 Rd8 22. Rxd8 Qxd8 23. Qxa7 Qd2 24. a3 Qc1+ 25. Ka2
Qxc2 26. Qb6 Bf4 27. g3 Be5 28. Qe3 h6 29. f4 Bd6 30. Qe2 Qc1 31. Qd1 Qe3 32.
Qxd6 Qf2 33. Nd5 Qd4 34. Qxf6+ Qxf6 35. Nxf6 Kxf6 36. a4 g5 37. a5 gxf4 38.
gxf4 h5 39. h4 Kg6 40. b4 f5 41. e5 Kf7 42. Kb3 Ke7 43. Kc4 Ke6 44. b5 Kd7 45.
Kd5 Kc7 46. e6 Kb7 47. Kd6 Ka7 48. e7 Kb7 49. b6 Ka6 50. e8=Q Kxa5 51. b7 Kb4
52. b8=R+ Kc3 53. Rd8 Kb4 54. Qc6 Ka5 55. Ra8+ Kb4 56. Rb8+ Ka5 57. Qa8# 1-0

[Event "East Lansing (MOR/1a/16)"]
[Site "?"]
[Date "1995.??.??"]
[Round "?"]
[White "Jewett, Brandon"]
[Black "Eck, J."]
[Result "0-1"]
[WhiteElo "1605"]
[BlackElo "1630"]
[PlyCount "62"]
[EventDate "1995.??.??"]

1. e4 e5 2. Nf3 Nc6 3. Bb5 a6 4. Bxc6 dxc6 5. Nxe5 Qd4 6. Ng4 Qxe4+ 7. Ne3 Nf6
8. Nc3 Qb4 9. Qe2 Be6 10. O-O O-O-O 11. a3 Qh4 12. d3 Bd6 13. g3 Qh3 14. Ne4
Nxe4 15. dxe4 h5 16. Qf3 h4 17. Qg2 hxg3 18. fxg3 Bc5 19. Qxh3 Rxh3 20. Kg2
Rdh8 21. Rh1 Bxe3 22. Bxe3 f5 23. Bg5 fxe4 24. Bh4 g5 25. Bxg5 R8h5 26. Be3 Bg4
27. Kf1 Bf3 28. Rg1 Rxh2 29. Rc1 Bg4 30. b3 Re2 31. Bd4 Rf5+ 0-1

[Event "Lansing (Mini-Swiss.3/2)"]
[Site "?"]
[Date "1995.??.??"]
[Round "?"]
[White "Jensen, Robert"]
[Black "Smeckert, Dennis"]
[Result "1-0"]
[WhiteElo "1605"]
[BlackElo "1605"]
[PlyCount "71"]
[EventDate "1995.??.??"]

{3/(2)} 1. e4 e5 2. Nf3 Nc6 3. Bc4 Be7 4. d4 exd4 5. Nxd4 Ne5 6. Bb3 d6 7. Nd2
Nf6 8. h3 Bd7 9. Qe2 Nc6 10. N2f3 a6 11. c3 O-O 12. O-O Na5 13. Bc2 c5 14. Nf5
Bxf5 15. exf5 Re8 16. Rd1 Bf8 17. Qd2 Qc7 18. Qg5 Nc6 19. Bf4 Ne5 20. Nxe5 dxe5
21. Bd2 b5 22. Qh4 c4 23. Bg5 Qc6 24. Bxf6 Qxf6 25. Qxf6 gxf6 26. Be4 Rad8 27.
Rd5 Rxd5 28. Bxd5 Rd8 29. Rd1 Kg7 30. g4 Bc5 31. Kf1 e4 32. Ke2 e3 33. fxe3 Re8
34. e4 a5 35. Bc6 b4 36. Bxe8 1-0

[Event "East Lansing (Class DE/1/12)"]
[Site "?"]
[Date "1995.??.??"]
[Round "?"]
[White "Jensen, Robert"]
[Black "Priebe, Raymond"]
[Result "1-0"]
[WhiteElo "1605"]
[BlackElo "1605"]
[PlyCount "57"]
[EventDate "1995.??.??"]

{1/(12)} 1. e4 d5 2. exd5 Nf6 3. d4 Nxd5 4. Nf3 Bg4 5. Be2 e6 6. c3 c5 7. O-O
Bd6 8. Re1 O-O 9. Nbd2 Nc6 10. Nb3 b6 11. dxc5 bxc5 12. c4 Nf6 13. Be3 Ne4 14.
Bd3 Bxf3 15. Qxf3 f5 16. Bxe4 fxe4 17. Qxe4 Nb4 18. Nxc5 Bxc5 19. Bxc5 Qf6 20.
Bxf8 Rxf8 21. Qxe6+ Rf7 22. Qxf6 gxf6 23. Re4 Nd3 24. b3 Rd7 25. Rd1 Nxf2 26.
Rxd7 Nxe4 27. Rxa7 h5 28. a4 f5 29. b4 1-0

[Event "East Lansing (Class DE/4/2)"]
[Site "?"]
[Date "1995.??.??"]
[Round "?"]
[White "Jensen, Robert"]
[Black "Fredenburg, Jeff"]
[Result "1-0"]
[WhiteElo "1605"]
[BlackElo "1605"]
[PlyCount "99"]
[EventDate "1995.??.??"]

{4/(2)} 1. e4 c5 2. Nf3 e6 3. c3 Nf6 4. e5 Nd5 5. d4 cxd4 6. cxd4 d6 7. Be2 Nc6
8. Nbd2 Qc7 9. Bb5 Bd7 10. Bxc6 Bxc6 11. O-O Be7 12. Re1 O-O 13. Nc4 Rfd8 14.
Bg5 dxe5 15. Bxe7 Nxe7 16. Ncxe5 Bd5 17. Rc1 Qb6 18. b3 Nc6 19. Nxc6 Bxc6 20.
Re3 Bxf3 21. Qxf3 Rxd4 22. Rec3 Rad8 23. R3c2 Qd6 24. Rc8 Qd7 25. Rxd8+ Qxd8
26. h3 b6 27. Qb7 Rd1+ 28. Rxd1 Qxd1+ 29. Kh2 Qd6+ 30. g3 h5 31. Qxa7 h4 32.
Qa8+ Kh7 33. Qe4+ Kg8 34. Qxh4 Qd2 35. Qf4 Qa5 36. a4 f6 37. Qc4 Kf7 38. Qb5
Qxb5 39. axb5 e5 40. g4 Kg6 41. Kg3 f5 42. h4 fxg4 43. Kxg4 Kf6 44. h5 g6 45.
h6 g5 46. h7 Kg7 47. Kxg5 Kxh7 48. Kf5 e4 49. Kxe4 Kg6 50. Kd5 1-0

[Event "East Lansing (Class C/5/4)"]
[Site "?"]
[Date "1995.??.??"]
[Round "?"]
[White "Jensen, D."]
[Black "Spencer, Gordon"]
[Result "1/2-1/2"]
[WhiteElo "1605"]
[BlackElo "1605"]
[PlyCount "133"]
[EventDate "1995.??.??"]

{5/(4)} 1. d4 d5 2. Nf3 Nf6 3. c4 c6 4. Nc3 g6 5. Bf4 Bg7 6. e3 O-O 7. Be2 Nbd7
8. Qc2 h6 9. Bd3 Nh5 10. Bg3 Ndf6 11. Be5 Nh7 12. Bxg7 Nxg7 13. Ne5 Bf5 14. g4
Bxd3 15. Qxd3 dxc4 16. Qxc4 e6 17. h4 Nf6 18. O-O-O Nd5 19. Nxd5 cxd5 20. Qd3
Rc8+ 21. Kb1 Qe7 22. f4 Rc7 23. h5 gxh5 24. gxh5 Nf5 25. Rdg1+ Kh8 26. Rg4 Rg8
27. Rhg1 Rxg4 28. Rxg4 Rc8 29. e4 dxe4 30. Qxe4 Rg8 31. Rxg8+ Kxg8 32. d5 Qd6
33. Qg2+ Kf8 34. Qc2 Qxd5 35. a3 Qh1+ 36. Ka2 Qd5+ 37. Kb1 Ng3 38. Qc7 Qh1+ 39.
Ka2 Qd5+ 40. Kb1 Qh1+ 41. Ka2 Qxh5 42. Nd7+ Kg7 43. Qc3+ e5 44. Qxg3+ Qg6 45.
Qxg6+ fxg6 46. Nxe5 h5 47. Kb1 Kf6 48. Kc1 g5 49. Nd3 h4 50. fxg5+ Kxg5 51. Nf2
Kf4 52. Kd2 Kf3 53. Ke1 Ke3 54. Nh3 Kd3 55. Kd1 b5 56. Nf2+ Ke3 57. Ke1 a6 58.
Nh3 Kf3 59. Nf2 a5 60. Nh3 a4 61. Nf2 Ke3 62. Nh3 Kd3 63. Kd1 Kc4 64. Kc2 Kd4
65. Kd2 Ke4 66. Ke2 Ke5 67. Ke3 1/2-1/2

[Event "East Lansing (Class C/3/9)"]
[Site "?"]
[Date "1995.??.??"]
[Round "?"]
[White "Jensen, D."]
[Black "Nixon, Peter"]
[Result "1-0"]
[WhiteElo "1605"]
[BlackElo "1605"]
[PlyCount "43"]
[EventDate "1995.??.??"]

{3/(9)} 1. d4 d5 2. c4 c6 3. Nc3 Nf6 4. Nf3 e6 5. Bg5 Nbd7 6. a3 a5 7. e3 Be7
8. Bd3 O-O 9. O-O b6 10. cxd5 cxd5 11. Rc1 Bb7 12. Nb5 Rc8 13. Ne5 Nxe5 14.
dxe5 Ne8 15. Bxe7 Qxe7 16. Rxc8 Bxc8 17. Qc2 Ba6 18. Rc1 Qd7 19. Qc6 Qd8 20.
Bf1 g6 21. Nd4 Bb7 22. Qxb7 1-0

[Event "East Lansing (Class C/1/6)"]
[Site "?"]
[Date "1995.??.??"]
[Round "?"]
[White "Jensen, D."]
[Black "Carroll, R."]
[Result "0-1"]
[WhiteElo "1605"]
[BlackElo "1605"]
[PlyCount "104"]
[EventDate "1995.??.??"]

{1/(6)} 1. d4 Nf6 2. c4 e6 3. Nc3 Bb4 4. Bg5 h6 5. Bh4 c5 6. dxc5 g5 7. Bg3 Ne4
8. Qd4 Nf6 9. e3 Nc6 10. Qd3 Qa5 11. Nge2 Qxc5 12. Rd1 Ne5 13. Bxe5 Qxe5 14.
Qd4 Qxd4 15. Rxd4 e5 16. Rd2 d6 17. a3 Bxc3 18. Nxc3 Ke7 19. f3 Be6 20. e4 a6
21. a4 Rhc8 22. b3 Nd7 23. Kf2 Nc5 24. Rb2 b5 25. Nd5+ Bxd5 26. exd5 bxa4 27.
bxa4 Nxa4 28. Rb7+ Kf6 29. Be2 Nc3 30. Rb6 Nxe2 31. Kxe2 Rxc4 32. Rxd6+ Ke7 33.
Rxh6 a5 34. Rb1 Ra7 35. Rbb6 Rd4 36. d6+ Kd7 37. Rh7 Rxd6 38. Rxf7+ Ke6 39.
Rxd6+ Kxf7 40. Rd1 Ke6 41. g3 a4 42. h4 gxh4 43. gxh4 a3 44. Ra1 a2 45. Kf2 Kf5
46. Kg3 Ra4 47. Kf2 Rxh4 48. Ke3 Ra4 49. Ke2 Kf4 50. Kf2 Ra3 51. Kg2 Ke3 52.
Kg3 Kd2 0-1

[Event "Detroit (MI Action/4/16)"]
[Site "?"]
[Date "1995.??.??"]
[Round "?"]
[White "Jenkins, C."]
[Black "Zarzycki, Katherine"]
[Result "1-0"]
[WhiteElo "1605"]
[BlackElo "1605"]
[PlyCount "73"]
[EventDate "1995.??.??"]

{4/(16)} 1. e4 e5 2. Nf3 Nc6 3. Bc4 Nf6 4. Ng5 Qe7 5. Nxf7 Rg8 6. Ng5 Rh8 7.
Bf7+ Kd8 8. Bb3 h6 9. Nf7+ Ke8 10. Nxh8 Qb4 11. O-O Qxe4 12. Nc3 Qf5 13. Qe2 g6
14. Nd5 Nh5 15. Nxc7+ Kd8 16. Nxa8 Bg7 17. Nf7+ Ke8 18. Re1 e4 19. Nd6+ Kf8 20.
Nxf5 gxf5 21. Qxh5 Nd8 22. Qxf5+ Ke8 23. Rxe4+ Be5 24. Rxe5+ Ne6 25. Bxe6 dxe6
26. Qh5+ Kf8 27. Qxh6+ Ke8 28. Qg7 Kd8 29. Qc7+ Ke8 30. Qxc8+ Ke7 31. Qxb7+ Kf6
32. Qe4 Ke7 33. Qg6 Kd7 34. Qxe6+ Kd8 35. Qe7+ Kc8 36. Qxa7 Kd8 37. Qc7# 1-0

[Event "Detroit (MI Team/2/3/1)"]
[Site "?"]
[Date "1995.??.??"]
[Round "?"]
[White "Jenkins, C."]
[Black "Walker, LeRoy"]
[Result "0-1"]
[WhiteElo "1605"]
[BlackElo "1935"]
[PlyCount "70"]
[EventDate "1995.??.??"]

{2/3} 1. e4 e5 2. Nf3 Nc6 3. Nc3 Bc5 4. Bb5 a6 5. Bc4 Nf6 6. d3 h6 7. O-O d6 8.
g3 Bg4 9. Be3 Nh5 10. Bxc5 dxc5 11. Nd5 Nd4 12. Ne3 Bxf3 13. Qd2 Ne2+ 14. Qxe2
Bxe2 15. Rfe1 Bf3 16. Nf5 g6 17. Nh4 Bg4 18. Bd5 c6 19. Bb3 Nf4 20. c3 g5 21.
Nf5 h5 22. Ng7+ Kf8 23. Nf5 h4 24. Bd1 Bxf5 25. exf5 hxg3 26. fxg3 Nh3+ 27. Kg2
Qxd3 28. Bg4 e4 29. Bxh3 Qf3+ 30. Kg1 Rxh3 31. Rf1 Rxg3+ 32. hxg3 Qxg3+ 33. Kh1
Kg7 34. f6+ Kg6 35. Rad1 Rh8# 0-1

[Event "Detroit (MI Action/2/12)"]
[Site "?"]
[Date "1995.??.??"]
[Round "?"]
[White "Jenkins, C."]
[Black "McNeil, Yaking"]
[Result "0-1"]
[WhiteElo "1605"]
[BlackElo "1605"]
[PlyCount "40"]
[EventDate "1995.??.??"]

{2/(12)} 1. e4 c5 2. Nf3 Nc6 3. d4 cxd4 4. Nxd4 e5 5. Nxc6 bxc6 6. Nc3 Nf6 7.
Bc4 Bb4 8. Qd2 Nxe4 9. Qe3 d5 10. Bb3 Bc5 11. Qf3 Bxf2+ 12. Kf1 Ba6+ 13. Ne2
Qf6 14. Qxf6 gxf6 15. Ba4 Kd7 16. h4 Ng3+ 17. Kxf2 Nxh1+ 18. Kg1 Bxe2 19. Kxh1
Rhg8 20. Bd2 Rg4 0-1

[Event "Detroit (MI Action/5/12)"]
[Site "?"]
[Date "1995.??.??"]
[Round "?"]
[White "Jenkins, C."]
[Black "Kane, Paul"]
[Result "0-1"]
[WhiteElo "1605"]
[BlackElo "1605"]
[PlyCount "56"]
[EventDate "1995.??.??"]

{5/(12)} 1. e4 c5 2. Nf3 d6 3. Nc3 Nc6 4. d4 cxd4 5. Nxd4 Nf6 6. Bb5 Bd7 7. O-O
a6 8. Ba4 b5 9. Bb3 e6 10. Nxc6 Bxc6 11. Qe2 Be7 12. Re1 b4 13. Na4 Nxe4 14.
Qg4 Nf6 15. Qxg7 Rg8 16. Qh6 Rxg2+ 17. Kf1 Ng4 18. Qxh7 Rxf2+ 19. Kg1 Rg2+ 20.
Kf1 Nxh2+ 21. Qxh2 Rxh2 22. Bf4 Rh1+ 23. Kf2 Bh4+ 24. Bg3 Qf6+ 25. Ke2 Bf3+ 26.
Kd2 Qd4+ 27. Kc1 Qd1+ 28. Rxd1 Rxd1# 0-1

[Event "Detroit (WCO/1/7)"]
[Site "?"]
[Date "1995.??.??"]
[Round "?"]
[White "Jenkins, C."]
[Black "Jointer, William"]
[Result "1-0"]
[WhiteElo "1605"]
[BlackElo "1715"]
[PlyCount "80"]
[EventDate "1995.??.??"]

{1/(7)} 1. e4 c5 2. Nf3 Nc6 3. Bb5 g6 4. d4 cxd4 5. Nxd4 Bg7 6. Nxc6 bxc6 7.
Bd3 Nf6 8. O-O O-O 9. Nc3 d5 10. exd5 cxd5 11. Bg5 Bb7 12. Bxf6 Bxf6 13. Be2 e5
14. Qd2 d4 15. Nb1 Qd5 16. Bf3 e4 17. Bg4 Bg5 18. Qe2 a5 19. f3 e3 20. Qd1 Rfe8
21. Qe1 h5 22. Bh3 e2 23. f4 exf1=Q+ 24. Qxf1 Bh4 25. Nd2 Ba6 26. c4 Qc5 27.
Kh1 d3 28. b3 Re2 29. Nf3 Bf2 30. Ne5 Re8 31. Nf3 Bb7 32. Bd7 R8e7 33. Bh3 Bxf3
34. gxf3 Re1 35. Rxe1 Rxe1 36. Qxe1 Bxe1 37. Bg2 d2 38. Bh3 d1=Q 39. b4 Bh4+
40. Kg2 Qdg1# 1-0

[Event "Detroit (WCO/4/16)"]
[Site "?"]
[Date "1995.??.??"]
[Round "?"]
[White "Jenkins, C."]
[Black "Davis, T."]
[Result "1-0"]
[WhiteElo "1605"]
[BlackElo "1605"]
[PlyCount "58"]
[EventDate "1995.??.??"]

{4/(16)} 1. e4 c5 2. Nf3 Nc6 3. d4 d6 4. dxc5 dxc5 5. Nc3 Qxd1+ 6. Nxd1 g6 7.
Bb5 Bd7 8. Nc3 Bg7 9. Nd5 a6 10. Bxc6 Bxc6 11. Nc7+ Kd8 12. Nxa8 Nf6 13. Ne5
Rf8 14. Nxc6+ bxc6 15. e5 Nd5 16. Be3 Nb4 17. O-O Nxc2 18. Rac1 Nxe3 19. fxe3
Bxe5 20. Rxc5 Kd7 21. Rxe5 Rxa8 22. Rd1+ Kc7 23. Rxe7+ Kc8 24. Rdd7 Rb8 25.
Rc7+ Kd8 26. Red7+ Ke8 27. b3 Rb4 28. Rxf7 Re4 29. Rxh7 Rxe3 1-0

[Event "East Lansing (Class A/2/2)"]
[Site "?"]
[Date "1995.??.??"]
[Round "?"]
[White "Jendras, Gerard"]
[Black "Ward, Tim"]
[Result "1/2-1/2"]
[WhiteElo "1930"]
[BlackElo "1910"]
[PlyCount "75"]
[EventDate "1995.??.??"]

{2/(2)} 1. e4 e6 2. d4 d5 3. Nd2 Nf6 4. e5 Nfd7 5. Bd3 c5 6. c3 Nc6 7. Ne2 cxd4
8. cxd4 f6 9. exf6 Nxf6 10. Nf3 Bd6 11. O-O O-O 12. Re1 e5 13. dxe5 Nxe5 14.
Nxe5 Bxe5 15. Bf4 Bxb2 16. Rb1 Ba3 17. Nd4 Bc5 18. Bc2 Ng4 19. Bg3 Bd6 20. Nf3
Bxg3 21. hxg3 b6 22. Ne5 Rxf2 23. Nc6 Qd6 24. Bb3 Kf8 25. Bxd5 Bd7 26. Rb3 Qc5
27. Kh1 Qd6 28. Rf3+ Rxf3 29. Qxf3+ Nf6 30. Ne5 Rd8 31. Nxd7+ Qxd7 32. Bc6 Qd6
33. g4 Qd2 34. Rf1 Rd3 35. Qf5 Qh6+ 36. Kg1 Qe3+ 37. Kh1 Qh6+ 38. Kg1 1/2-1/2

[Event "Ann Arbor (HVA/1/4)"]
[Site "?"]
[Date "1995.??.??"]
[Round "?"]
[White "Jendras, Gerard"]
[Black "Vangilder, W."]
[Result "1-0"]
[WhiteElo "1930"]
[BlackElo "1605"]
[PlyCount "55"]
[EventDate "1995.??.??"]

{1/(4)} 1. e4 Nc6 2. d4 d5 3. Nc3 dxe4 4. d5 Ne5 5. Qd4 Ng6 6. Nxe4 e5 7. Qa4+
Bd7 8. Bb5 a6 9. Bxd7+ Qxd7 10. Qxd7+ Kxd7 11. Be3 Bb4+ 12. c3 Be7 13. Nc5+
Bxc5 14. Bxc5 Nf6 15. O-O-O b6 16. Ba3 Ne4 17. Nh3 f6 18. Rhe1 Nd6 19. b3 b5
20. f3 a5 21. Bc5 a4 22. Kb2 Ne7 23. Nf2 Rhb8 24. Ne4 axb3 25. axb3 Nc4+ 26.
bxc4 bxc4+ 27. Bb4 Ra4 28. Nc5+ 1-0

[Event "Grand Rapids (MI Am/1/7)"]
[Site "?"]
[Date "1995.??.??"]
[Round "?"]
[White "Jendras, Gerard"]
[Black "Moulter, Al"]
[Result "1-0"]
[WhiteElo "1895"]
[BlackElo "1605"]
[PlyCount "35"]
[EventDate "1995.??.??"]

{1/(7)} 1. e4 b6 2. d4 Bb7 3. Bd3 e6 4. Nf3 h6 5. c4 d5 6. exd5 exd5 7. O-O Nf6
8. Re1+ Be7 9. Nc3 Nc6 10. Bf4 Qd7 11. cxd5 Nxd5 12. Nxd5 Qxd5 13. Be4 Qb5 14.
Rc1 f5 15. a4 Qb4 16. Bxc6+ Bxc6 17. Rxc6 O-O-O 18. Rxc7+ 1-0